[Event "Arco op 41st"]
[Site "Arco"]
[Date "2019.10.07"]
[Round "4"]
[White "Trauth, Michael"]
[Black "Rocchetti, Marco"]
[Result "1-0"]
[WhiteElo "2073"]
[BlackElo "1781"]
[PlyCount "85"]
[EventDate "2019.10.04"]
[EventType "swiss"]
[EventRounds "9"]
[EventCountry "ITA"]
[SourceTitle "EXT 2020"]
[Source "ChessBase"]
[SourceDate "2019.10.17"]
[SourceVersion "1"]
[SourceVersionDate "2019.10.17"]
[SourceQuality "1"]

1. Nf3 Nf6 2. c4 d6 3. g3 e5 4. Nc3 c6 5. d3 Be7 6. Bg2 0-0 7. c5 Qc7 8. cxd6 Bxd6 9. 0-0 Bg4 10. Bg5 Nbd7 11. Rc1 Qa5 12. Nd2 h6 13. Nc4 Qc7 14. Bd2 Be7 15. f4 Be6 16. b3 Bxc4 17. bxc4 Bc5+ 18. e3 exf4 19. gxf4 Rfe8 20. d4 Bf8 21. Kh1 Nb6 22. Qe2 Rad8 23. Qd3 Qe7 24. e4 Ng4 25. h3 Nf6 26. e5 Nfd7 27. Ne4 Qa3 28. Rc3 Qxa2 29. c5 Na4 30. Ra3 Ndxc5 31. Rxa2 Nxd3 32. Rxa4 b5 33. Rxa7 Rxd4 34. Be3 Rc4 35. Rd1 Nb4 36. Nd6 Bxd6 37. exd6 Nd5 38. Bxd5 cxd5 39. d7 Rxe3 40. d8Q+ Kh7 41. Rf1 Rc2 42. Qd7 Ree2 43. Qf5+ 1-0

[Event "Arco op 38th"]
[Site "Arco"]
[Date "2016.10.14"]
[Round "7"]
[White "Rocchetti, Marco"]
[Black "Cluyts, Marc"]
[Result "0-1"]
[WhiteElo "1759"]
[BlackElo "2011"]
[PlyCount "57"]
[EventDate "2016.10.08"]
[EventType "swiss"]
[EventRounds "9"]
[EventCountry "ITA"]
[SourceTitle "EXT 2017"]
[Source "ChessBase"]
[SourceDate "2016.10.25"]
[SourceVersion "1"]
[SourceVersionDate "2016.10.25"]
[SourceQuality "1"]

1. d4 Nf6 2. Nf3 e6 3. Bf4 c5 4. e3 cxd4 5. exd4 b6 6. Nbd2 Bb7 7. c3 Be7 8. Bd3 d6 9. h3 Nbd7 10. 0-0 0-0 11. Re1 Re8 12. Nc4 Qc7 13. Rc1 h6 14. Ncd2 Bf8 15. Bb1 e5 16. dxe5 dxe5 17. Bh2 Rad8 18. Qe2 Qc6 19. Ne4 Nd5 20. Qc2 f5 21. Ng3 g6 22. h4 Nf4 23. Nxf5 Nxg2 24. Nxh6+ Bxh6 25. Qxg6+ Qxg6 26. Bxg6 Nxe1 27. Rxe1 Bxf3 28. Bxe8 Rxe8 29. Bg3 0-1

[Event "Arco op 38th"]
[Site "Arco"]
[Date "2016.10.10"]
[Round "3"]
[White "Rocchetti, Marco"]
[Black "Thonig, Manfred"]
[Result "1-0"]
[WhiteElo "1759"]
[BlackElo "1561"]
[PlyCount "41"]
[EventDate "2016.10.08"]
[EventType "swiss"]
[EventRounds "9"]
[EventCountry "ITA"]
[SourceTitle "EXT 2017"]
[Source "ChessBase"]
[SourceDate "2016.10.25"]
[SourceVersion "1"]
[SourceVersionDate "2016.10.25"]
[SourceQuality "1"]

1. d4 f5 2. Bg5 h6 3. Bf4 d6 4. h3 Nf6 5. e3 g6 6. Nf3 Be6 7. c4 Bg7 8. Nc3 0-0 9. Bd3 Bf7 10. Qc2 e6 11. 0-0-0 c6 12. Rdg1 Na6 13. a3 Rc8 14. g4 g5 15. Nxg5 hxg5 16. Bxg5 Qd7 17. gxf5 e5 18. Bxf6 Bh5 19. Rxg7+ Qxg7 20. Bxg7 Kxg7 21. Rg1+ 1-0

[Event "Portoroz op 10th"]
[Site "Portoroz"]
[Date "2016.07.30"]
[Round "9"]
[White "Mohr, Pablo"]
[Black "Rocchetti, Marco"]
[Result "1/2-1/2"]
[WhiteElo "1587"]
[BlackElo "1838"]
[PlyCount "71"]
[EventDate "2016.07.23"]
[EventType "swiss"]
[EventRounds "9"]
[EventCountry "SLO"]
[SourceTitle "EXT 2017"]
[Source "ChessBase"]
[SourceDate "2016.10.25"]
[SourceVersion "1"]
[SourceVersionDate "2016.10.25"]
[SourceQuality "1"]

1. e4 e6 2. d4 d5 3. exd5 exd5 4. Bd3 Bd6 5. Qf3 Ne7 6. Ne2 c6 7. Bf4 0-0 8. Nd2 Ng6 9. Bxd6 Qxd6 10. 0-0 Nd7 11. c3 Nf6 12. h3 Re8 13. Rfe1 Bd7 14. Qg3 Qxg3 15. Nxg3 Nf4 16. Bc2 g6 17. Kf1 N6h5 18. Nxh5 Nxh5 19. Nf3 f6 20. Rxe8+ Rxe8 21. Re1 Rxe1+ 22. Nxe1 Nf4 23. Nd3 Ne6 24. Nc5 Nxc5 25. dxc5 Kf7 26. Ke2 Ke6 27. Ke3 b6 28. cxb6 axb6 29. f4 c5 30. b4 Kd6 31. a4 Bc6 32. g3 Bd7 33. h4 Bg4 34. Kd2 Bh3 35. Ke3 Bg4 36. Kd2 1/2-1/2

[Event "Portoroz op 10th"]
[Site "Portoroz"]
[Date "2016.07.26"]
[Round "5"]
[White "Zaloznik, Vesna"]
[Black "Rocchetti, Marco"]
[Result "0-1"]
[WhiteElo "1493"]
[BlackElo "1838"]
[PlyCount "96"]
[EventDate "2016.07.23"]
[EventType "swiss"]
[EventRounds "9"]
[EventCountry "SLO"]
[SourceTitle "CBM 173 Extra"]
[Source "ChessBase"]
[SourceDate "2016.08.29"]
[SourceVersion "1"]
[SourceVersionDate "2016.08.29"]
[SourceQuality "1"]

1. e4 e6 2. d4 d5 3. exd5 exd5 4. Nf3 Bd6 5. Nc3 c6 6. Bd3 Ne7 7. Bg5 f6 8. Bh4 Bf5 9. Bg3 0-0 10. a3 Re8 11. Qd2 Bxd3 12. Qxd3 Ng6+ 13. Ne2 Nf4 14. Bxf4 Bxf4 15. g3 Bd6 16. 0-0-0 b5 17. Rhe1 Qc7 18. h4 Nd7 19. h5 h6 20. Nh4 Nb6 21. Nf5 b4 22. Nxd6 Qxd6 23. axb4 Qxb4 24. c3 Qa4 25. Nf4 Nc4 26. Qb1 Rab8 27. Rxe8+ Rxe8 28. b3 Qa3+ 29. Kc2 Rb8 30. Re1 Na5 31. b4 Qa4+ 32. Kd3 Qb5+ 33. Kc2 Nc4 34. Kd1 Qa4+ 35. Qc2 Qa1+ 36. Qc1 Qa4+ 37. Qc2 Nb2+ 38. Kc1 Qa1+ 39. Qb1 Qxb1+ 40. Kxb1 Nc4 41. Kc2 a5 42. Nd3 a4 43. Ra1 a3 44. Nc5 Re8 45. Nd3 Re2+ 46. Kb3 Rd2 47. Nf4 Rxf2 48. b5 Rb2+ 0-1

[Event "Locri op 3rd"]
[Site "Locri"]
[Date "2015.07.13"]
[Round "1"]
[White "Rocchetti, Marco"]
[Black "Rotstein, Arkadij"]
[Result "0-1"]
[WhiteElo "1852"]
[BlackElo "2502"]
[PlyCount "86"]
[EventDate "2015.07.13"]
[EventType "swiss"]
[EventRounds "9"]
[EventCountry "ITA"]
[SourceTitle "EXT 2024"]
[Source "ChessBase"]
[SourceDate "2023.10.10"]
[SourceVersion "1"]
[SourceVersionDate "2023.10.10"]
[SourceQuality "1"]

1. d4 f5 2. Nf3 Nf6 3. Bg5 Ne4 4. e3 c5 5. c3 Qb6 6. Qb3 Nxg5 7. Nxg5 e6 8. Bd3 d5 9. Qxb6 axb6 10. Nd2 c4 11. Bc2 b5 12. 0-0 b4 13. Ndf3 Nc6 14. cxb4 Nxb4 15. Bb1 h6 16. Nh3 g5 17. Ne5 Bd6 18. f4 Nc6 19. g3 Nxe5 20. fxe5 Be7 21. Nf2 h5 22. Bc2 Bd7 23. a4 Bb4 24. Rfd1 Ke7 25. Kg2 g4 26. Kf1 Ra6 27. h3 Rha8 28. hxg4 hxg4 29. Kg2 Bxa4 30. Bxa4 Rxa4 31. Rxa4 Rxa4 32. Rh1 Kd7 33. Rh7+ Be7 34. Rh1 Ra2 35. Rb1 b5 36. Kf1 b4 37. Nd1 Kc6 38. Ke1 Kb5 39. Rc1 Ka4 40. Rb1 Kb3 41. Rc1 Bg5 42. Kf1 Rxb2 43. Nxb2 Kxb2 0-1

[Event "Quebec op U2300"]
[Site "Montreal"]
[Date "2007.??.??"]
[Round "3"]
[White "Le Duin, Thierry"]
[Black "Rocchetti, Marco"]
[Result "1-0"]
[WhiteElo "2045"]
[BlackElo "1940"]
[PlyCount "103"]
[EventDate "2007.07.20"]
[EventType "swiss"]
[EventRounds "9"]
[EventCountry "CAN"]
[SourceTitle "EXT 2010"]
[Source "ChessBase"]
[SourceDate "2010.11.25"]
[SourceVersion "1"]
[SourceVersionDate "2010.11.25"]
[SourceQuality "1"]

1. d4 d6 2. c4 e5 3. dxe5 dxe5 4. Qxd8+ Kxd8 5. Bd2 Be6 6. e3 Nd7 7. Bc3 f6 8. b3 Nh6 9. Nf3 c6 10. Nbd2 Kc7 11. Bd3 Be7 12. Bc2 Nf7 13. Ke2 g6 14. h4 Nd6 15. Ne1 Bf7 16. Nd3 b6 17. a4 a5 18. Nb2 Nb7 19. Ne4 Nbc5 20. Nxc5 Nxc5 21. Rad1 Rad8 22. f3 Na6 23. Rxd8 Rxd8 24. h5 gxh5 25. Bxh7 Bb4 26. Bxb4 Nxb4 27. Bb1 Kd6 28. Rd1+ Ke7 29. Rxd8 Kxd8 30. Nd1 Na6 31. Nc3 Nc5 32. Bc2 Ke7 33. Kd2 Ke6 34. Ne2 Nb7 35. Kc3 c5 36. Be4 Nd6 37. Bd5+ Ke7 38. e4 Bg6 39. Kd3 f5 40. exf5 Bxf5+ 41. Be4 Bxe4+ 42. fxe4 Kf6 43. Ke3 Kg5 44. Kf3 Ne8 45. Nc3 Nf6 46. Nd5 Nd7 47. Kg3 Nf6 48. Nxf6 Kxf6 49. Kh4 Kg6 50. g4 hxg4 51. Kxg4 Kf6 52. Kh5 1-0

[Event "Cattolica op"]
[Site "Cattolica"]
[Date "2005.06.16"]
[Round "6"]
[White "Rocchetti, Marco"]
[Black "Battistella, Stefano"]
[Result "0-1"]
[WhiteElo "1937"]
[BlackElo "2055"]
[PlyCount "118"]
[EventDate "2005.06.11"]
[EventType "swiss"]
[EventRounds "9"]
[EventCountry "ITA"]
[SourceTitle "EXT 2007"]
[Source "ChessBase"]
[SourceDate "2006.11.23"]
[SourceVersion "1"]
[SourceVersionDate "2006.11.23"]
[SourceQuality "1"]

1. d4 Nf6 2. Nf3 e6 3. Bf4 b6 4. e3 Bb7 5. Nbd2 Be7 6. Bd3 Nh5 7. Bg3 Nxg3 8. hxg3 h6 9. Qe2 d6 10. 0-0-0 c5 11. Rh2 a6 12. e4 b5 13. dxc5 dxc5 14. e5 Qa5 15. Kb1 c4 16. Be4 Nc6 17. Bxc6+ Bxc6 18. Ne4 Bd5 19. Nd6+ Bxd6 20. exd6 c3 21. a3 cxb2 22. Kxb2 b4 23. axb4 Qxb4+ 24. Kc1 Qa3+ 25. Kd2 Qxd6 26. Ke1 Qb4+ 27. Qd2 Qe4+ 28. Qe2 Qxe2+ 29. Kxe2 0-0 30. Rh4 Rfc8 31. Rd2 Rc3 32. Ra4 Rac8 33. Kd1 Bc4 34. Ne1 Bb5 35. Rad4 Kh7 36. f3 a5 37. Kc1 a4 38. Rb4 Be8 39. Kb2 e5 40. Rd3 a3+ 41. Ka2 f6 42. Rxc3 Rxc3 43. Rb8 Bf7+ 44. Ka1 Re3 45. Rb1 Re2 46. g4 Bc4 47. Rc1 Kg6 48. Kb1 Kg5 49. g3 f5 50. gxf5 Kxf5 51. c3 e4 52. Ka1 Ra2+ 53. Kb1 Rf2 54. fxe4+ Kxe4 55. Ka1 Ke3 56. Nc2+ Kd2 57. Nxa3 Kxc1 58. Nxc4 Kc2 59. Na5 Rf6 0-1

[Event "Cattolica op"]
[Site "Cattolica"]
[Date "2005.06.15"]
[Round "5"]
[White "Bellincampi, Stefano"]
[Black "Rocchetti, Marco"]
[Result "1/2-1/2"]
[WhiteElo "2077"]
[BlackElo "1937"]
[PlyCount "126"]
[EventDate "2005.06.11"]
[EventType "swiss"]
[EventRounds "9"]
[EventCountry "ITA"]
[SourceTitle "EXT 2007"]
[Source "ChessBase"]
[SourceDate "2006.11.23"]
[SourceVersion "1"]
[SourceVersionDate "2006.11.23"]
[SourceQuality "1"]

1. d4 d6 2. e4 g6 3. Nf3 Bg7 4. Bc4 c6 5. Bb3 Qa5+ 6. c3 Qh5 7. Nbd2 Bg4 8. Bxf7+ Kxf7 9. Qb3+ d5 10. Qxb7 dxe4 11. Nxe4 Bxf3 12. Ng5+ Kf6 13. Nxf3 Qb5 14. Qxa8 Qb6 15. 0-0 e6 16. Bf4 Ne7 17. Be5+ Kf5 18. Bxg7 Rg8 19. g4+ Kxg4 20. Ne5+ Kf5 21. Nc4 Qa6 22. Nd6+ Kg5 23. Qb7 Qxb7 24. Nxb7 Rxg7 25. Nc5 Rf7 26. Nxe6+ Kh4 27. Rfe1 Nd5 28. Re4+ Kh5 29. Rae1 g5 30. a3 Nf6 31. Re5 h6 32. Nf4+ Kg4 33. Nd3 Nbd7 34. Re7 Rf8 35. Ne5+ Nxe5 36. R7xe5 Nd5 37. Rxd5 cxd5 38. Kg2 Rf7 39. Re5 Rd7 40. b4 Kf4 41. a4 h5 42. b5 h4 43. h3 g4 44. hxg4 Kxg4 45. f3+ Kf4 46. Rh5 Ke3 47. Rxh4 Kd3 48. a5 Kxc3 49. b6 axb6 50. axb6 Kc4 51. Kf2 Rb7 52. Rh6 Kxd4 53. Ke2 Kc5 54. Kd3 Rxb6 55. Rxb6 Kxb6 56. Kd4 Kc6 57. f4 Kd6 58. f5 Ke7 59. Kxd5 Kf6 60. Ke4 Kf7 61. Ke5 Kg7 62. f6+ Kf7 63. Kf5 Kf8 1/2-1/2